Majmūʻah-yi qavānīn Islām / (Record no. 77323)

MARC details
000 -LEADER
fixed length control field 00991cam a2200253 i 4500
001 - CONTROL NUMBER
control field sa 68000602
003 - CONTROL NUMBER IDENTIFIER
control field DLC
005 - DATE AND TIME OF LATEST TRANSACTION
control field 20260227112425.0
008 - FIXED-LENGTH DATA ELEMENTS--GENERAL INFORMATION
fixed length control field 811026m19659999pk b 00010 urd
010 ## - LIBRARY OF CONGRESS CONTROL NUMBER
LC control number sa 68000602 /SA/r902
025 ## - OVERSEAS ACQUISITION NUMBER
Overseas acquisition number PL480:P-U-1413
040 ## - CATALOGING SOURCE
Original cataloging agency DLC
Transcribing agency DLC
Modifying agency DLC
050 00 - LIBRARY OF CONGRESS CALL NUMBER
Classification number LAW
100 00 - MAIN ENTRY--PERSONAL NAME
Personal name Tanzil-ur-Rahman,
Dates associated with a name 1928-
245 10 - TITLE STATEMENT
Title Majmūʻah-yi qavānīn Islām /
Statement of responsibility, etc. Tanzīlurraḥmān.
260 0# - PUBLICATION, DISTRIBUTION, ETC.
Place of publication, distribution, etc. Karācī :
Name of publisher, distributor, etc. Markazī Idārah-yi Taḥqīqāt-i Islāmī (Pākistān),
Date of publication, distribution, etc. [1965-<[1988] >
300 ## - PHYSICAL DESCRIPTION
Extent v. <1, 4-5, 7 > ;
Dimensions 25 cm.
490 0# - SERIES STATEMENT
Series statement Silsilah-yi mat̤būʻāt-i Idārah ;
Volume/sequential designation nambar 5, 10
500 ## - GENERAL NOTE
General note In Urdu.
500 ## - GENERAL NOTE
General note Vol. 7- has imprint: Lāhaur : Pī. El. Ḍī. Pablisharz.
504 ## - BIBLIOGRAPHY, ETC. NOTE
Bibliography, etc. note Includes bibliographical references.
505 1# - FORMATTED CONTENTS NOTE
Formatted contents note 1. Qānūn-i azdavāj, nikāḥ, mihr, nafqah, qānūn-i t̤alāq. --4. Qānūn-i vaṣīyyat.--5. Qānūn-i virās̲at. --7. Islāmī qanun-i shahādat.
650 #0 - SUBJECT ADDED ENTRY--TOPICAL TERM
Topical term or geographic name entry element Marriage (Islamic law)

No items available.

Powered by Koha